000 00576nam a2200205Ia 4500
005 20250923144614.0
008 008 250917s9999 xx 000 0 eng d
037 _aTextual
040 _aDSWL
_beng
_cDSWL
041 _aeng
_2eng
084 _aY1:L:H65c, J6
_qDSWL
100 _aHeaton, E.W.
_9826558
245 0 _aEveryday life in old testament tunes
_cby EW Heaton
260 _aLondon
_b B.T. Bats Fond Ltd.
_c1956
300 _a240p.
365 _aINR
_b18
925 _g18
942 _cTEXL
_hY1:L:H65c, J6
999 _c1441065
_d1441065